| 000 | 00460nam a2200157 a 4500 | ||
|---|---|---|---|
| 005 | 20140412111359.0 | ||
| 008 | 060126s19uu xx 00 eng d | ||
| 020 | _a0-439-59879-6 | ||
| 050 |
_aTR(PS E _bCa28 2004 |
||
| 100 | _aGrace, Will | ||
| 245 |
_aCaterpillar dance / _cby Will Grace ; illustrated by Scott McBee. |
||
| 260 |
_aNew York : _bScholastic Inc., _c2004. |
||
| 300 | _a1 v. (unp.) ; ill. | ||
| 650 |
_aCaterpillar _xFiction |
||
| 999 |
_c105449 _d105449 |
||